000 01778nam a2200337 i 4500
001 768714001
003 CO-MdFUSB
005 20210226104844.0
007 ta
008 180502t1957 us |||| |||| 00| 0 eng d
020 _a0195023404
040 _aCO-MdFUSB
_bspa
_cCO-MdFUSB
_dCO-MdFUSBC
_erda
041 0 _aeng
082 0 4 _223
_a229
_bM5964a
100 1 _aMetzger, Bruce M. (Manning)
_eautor
245 3 _aAn introduction to The Apocrypha
_c/ Bruce M. Metzger
264 1 _aNew York :
_b Oxford University,
_c[1957]
264 4 _c©1957
300 _a274 Páginas
_b:
_c; 22 cm
336 _2rdacontent
_atexto
_btxt
337 _2rdamedia
_asin mediación
_bn
338 _2rdacarrier
_avolumen
_bnc
505 _aIntroducción: El significado y uso del término 'Apócrifo' - El crecimiento del canon hebreo - El primer libro de Esdras - El segundo libro de Esdras - III. Tobit - Judit - Las adiciones al libro de Ester - La sabiduría de Salomón - Eclesiástico, o la sabiduría de Jesús hijo de Eclesiástico - La oración de Manasés - El primer libro de los Macabeos - El segundo libro de los Macabeos - Los apócrifos y el nuevo testamento - Forma literaria y desarrollo doctrinal - Paralelos del Nuevo Testamento y alusiones a los Apócrifos - El significado de los paralelos y alusiones - Una breve historia de los apócrifos en la iglesia cristiana - Los apócrifos en la iglesia primitiva, hasta la Reforma - Los apócrifos y la reforma protestante - Controversias sobre el uso de los apócrifos - La penetrante influencia de los Apócrifos.
563 _aRústico
630 0 7 _aBiblia.
_pAntiguo Testamento
630 0 0 _aBiblia
_vIntroducciones
630 0 7 _aBiblia.
_pApócrifos
942 _cBK
945 _aJTF-925
999 _c33784
_d33784